Score 0/15 Timer 10:00
0 Plays Today
Questions Answers % Correct
What is the nickname of Wright State's athletic teams?Raiders
88.9%
Where are Wright State basketball games played?Nutter Center
82.5%
Name one of the two colleges Wright State was originally a branch campus forMiami University and The Ohio State University
73%
Who is Wright State's mascot?Rowdy Raider
71.4%
What is Wright State's Oldest Dorm?Hamilton Hall
69.8%
What conference is Wright State a member of?Horizon league
69.8%
Who is Wright State's President?Dr. Hopkins
66.7%
What year was Wright State officially established as a university?1967
63.5%
Questions Answers % Correct
Where is Wright State's Lake Campus located?Celina, Ohio
61.9%
Who is the Wright State College of Business named after?Raj Soin
60.3%
What is the oldest building on campus?Allyn Hall
52.4%
Can you name one of the dorms located in the 'Woods?'Laurel, Jacob, Hawthorn, Boston, Cedar, Hickory, Oak, Maple, and Pine
47.6%
What frequency is Wright State's Radio Station, WWSU?106.9
41.3%
What Wright State event is traditionally held on the 1st Friday of MayMay Daze
36.5%
Who is Wright State's Student Body President Currently (2010-2011)?Daniel Thomas
11.1%
Remove Ads.
Support Sporcle.
Get the best of Sporcle when you Go Orange. This ad-free experience offers more features, more stats, and more fun while also helping to support Sporcle. Thank you for becoming a member.

You're not logged in!

Compare scores with friends on all Sporcle quizzes.
OR
Log In

Show Comments

Extras

Top Quizzes Today


Score Distribution

Your Account Isn't Verified!

In order to create a playlist on Sporcle, you need to verify the email address you used during registration. Go to your Sporcle Settings to finish the process.

Report this User

Report this user for behavior that violates our Community Guidelines.

Details: